[Event "GER-chT U16"]
[Site "Darmstadt"]
[Date "2022.12.28"]
[Round "3"]
[White "Huang, Luca Hanson"]
[Black "Roth, Andreas Christian"]
[Result "1-0"]
[WhiteElo "1538"]
[BlackElo "1306"]
[PlyCount "61"]
[EventDate "2022.12.26"]
[EventType "team-swiss"]
[EventRounds "7"]
[EventCountry "GER"]
[SourceTitle "CBM 212 Extra"]
[Source "ChessBase"]
[SourceDate "2023.03.31"]
[SourceVersion "1"]
[SourceVersionDate "2023.03.31"]
[SourceQuality "1"]
[WhiteTeam "Frankenthal"]
[BlackTeam "Weimar"]
[WhiteTeamCountry "GER"]
[BlackTeamCountry "GER"]

1. e4 d5 2. exd5 Qxd5 3. Nc3 Qa5 4. d4 Nf6 5. Nf3 c6 6. Bc4 Bf5 7. Bd2 e6 8. 0-0 Be7 9. Re1 0-0 10. a3 Nbd7 11. Nd5 Qd8 12. Nxe7+ Qxe7 13. Bb4 c5 14. dxc5 Nxc5 15. Nd4 Bg6 16. Nxe6 fxe6 17. Rxe6 Qxe6 18. Bxe6+ Nxe6 19. Bxf8 Rxf8 20. c3 Kh8 21. Qb3 Nc5 22. Qb5 b6 23. Rd1 Re8 24. f3 h6 25. Rd2 Re6 26. b4 a6 27. Qf1 Na4 28. Qxa6 Nxc3 29. Qc8+ Re8 30. Qxc3 Bf7 31. Qc7 1-0

[Event "GER-chT U16"]
[Site "Darmstadt"]
[Date "2022.12.27"]
[Round "2"]
[White "Nunez Grigoire, Daniel"]
[Black "Huang, Luca Hanson"]
[Result "1-0"]
[WhiteElo "1650"]
[BlackElo "1538"]
[PlyCount "115"]
[EventDate "2022.12.26"]
[EventType "team-swiss"]
[EventRounds "7"]
[EventCountry "GER"]
[SourceTitle "CBM 212 Extra"]
[Source "ChessBase"]
[SourceDate "2023.03.31"]
[SourceVersion "1"]
[SourceVersionDate "2023.03.31"]
[SourceQuality "1"]
[WhiteTeam "Stuttgart SF"]
[BlackTeam "Frankenthal"]
[WhiteTeamCountry "GER"]
[BlackTeamCountry "GER"]

1. d4 d5 2. Nc3 Nf6 3. Bg5 e6 4. e3 Be7 5. Nf3 0-0 6. Bd3 h6 7. Bh4 b6 8. 0-0 Bb7 9. h3 Nbd7 10. a3 c5 11. Be2 Rc8 12. Bg3 a6 13. Ne5 Nxe5 14. Bxe5 Bd6 15. Bxd6 Qxd6 16. Bf3 e5 17. dxe5 Qxe5 18. Rb1 Rfd8 19. Re1 Qc7 20. Qe2 b5 21. Rbc1 d4 22. Bxb7 Qxb7 23. exd4 cxd4 24. Ne4 Nxe4 25. Qxe4 Qxe4 26. Rxe4 d3 27. c3 a5 28. Rd1 Rc4 29. Re3 d2 30. Kf1 b4 31. axb4 axb4 32. Ke2 Rdc8 33. Kxd2 bxc3+ 34. Rxc3 Rxc3 35. bxc3 f5 36. Rc1 Kf7 37. Rc2 Ke6 38. c4 Ke5 39. Kc3 g5 40. Kb4 Rb8+ 41. Kc5 h5 42. Kc6 h4 43. Kc7 Rb3 44. c5 g4 45. hxg4 fxg4 46. c6 h3 47. gxh3 gxh3 48. Kd7 h2 49. f4+ Kxf4 50. Rxh2 Rc3 51. Rd2 Ke3 52. Rd6 Rxc6 53. Kxc6 Ke4 54. Rd5 Kf4 55. Kc5 Ke4 56. Kc4 Kf4 57. Kd3 Kf3 58. Rf5+ 1-0

[Event "GER-chT U16"]
[Site "Kiel"]
[Date "2022.07.26"]
[Round "7.10"]
[White "Huang, Luca Hanson"]
[Black "Weinberger, Maxim"]
[Result "1-0"]
[WhiteElo "1488"]
[BlackElo "1153"]
[PlyCount "117"]
[EventDate "2022.07.22"]
[EventType "team-swiss"]
[EventRounds "7"]
[EventCountry "GER"]
[SourceTitle "CBM 209 Extra"]
[Source "ChessBase"]
[SourceDate "2022.09.30"]
[SourceVersion "1"]
[SourceVersionDate "2022.09.30"]
[SourceQuality "1"]
[WhiteTeam "Frankenthal"]
[BlackTeam "Kelheim"]
[WhiteTeamCountry "GER"]
[BlackTeamCountry "GER"]

1. e4 e5 2. Nf3 Nc6 3. Bc4 Nf6 4. d3 h6 5. c3 Bc5 6. Nbd2 d6 7. h3 Be6 8. Bb5 0-0 9. 0-0 Ne7 10. Re1 c6 11. Ba4 Ng6 12. d4 Bb6 13. Nf1 Qc7 14. Ng3 d5 15. exd5 cxd5 16. Nxe5 Nxe5 17. Rxe5 Nd7 18. Re1 Nf6 19. Qf3 Bd7 20. Bxd7 Qxd7 21. Bxh6 gxh6 22. Qxf6 Qc6 23. Qxc6 bxc6 24. Nf5 Kh7 25. Re7 Rae8 26. Rae1 Rxe7 27. Rxe7 Kg6 28. g4 h5 29. f3 hxg4 30. fxg4 c5 31. Rd7 cxd4 32. cxd4 Re8 33. Kf1 Rd8 34. Ne7+ Kg5 35. Rxd8 Bxd8 36. Nxd5 f5 37. gxf5 Kxf5 38. Nc3 Bf6 39. d5 Ke5 40. Kf2 Kd6 41. Kf3 Ke5 42. Kg4 Kd4 43. h4 Kd3 44. h5 Be5 45. Kf5 Bg7 46. d6 Kc2 47. d7 Kxb2 48. Na4+ Kxa2 49. d8Q Ka3 50. Qe7+ Kxa4 51. Qxg7 a5 52. h6 Ka3 53. h7 a4 54. h8Q Kb4 55. Qh4+ Kb5 56. Qe5+ Kc6 57. Qh6+ Kd7 58. Qeg7+ Ke8 59. Qhh8# 1-0

[Event "GER-chT U16"]
[Site "Kiel"]
[Date "2022.07.23"]
[Round "2.7"]
[White "Huang, Luca Hanson"]
[Black "Frank, Marek"]
[Result "1-0"]
[WhiteElo "1488"]
[BlackElo "1551"]
[PlyCount "103"]
[EventDate "2022.07.22"]
[EventType "team-swiss"]
[EventRounds "7"]
[EventCountry "GER"]
[SourceTitle "CBM 209 Extra"]
[Source "ChessBase"]
[SourceDate "2022.09.30"]
[SourceVersion "1"]
[SourceVersionDate "2022.09.30"]
[SourceQuality "1"]
[WhiteTeam "Frankenthal"]
[BlackTeam "Gera"]
[WhiteTeamCountry "GER"]
[BlackTeamCountry "GER"]

1. e4 c5 2. Nf3 d6 3. d4 cxd4 4. Nxd4 Nf6 5. Nc3 g6 6. Be3 Bg7 7. f3 0-0 8. Bc4 Nc6 9. Qd2 Nxd4 10. Bxd4 Qa5 11. 0-0-0 Be6 12. Bxe6 fxe6 13. Kb1 Rac8 14. h4 Rc4 15. Ne2 Qxd2 16. Rxd2 Rfc8 17. g4 a6 18. Be3 Nd7 19. Nf4 Rb4 20. b3 Bc3 21. Rg2 Kf7 22. g5 Nf8 23. h5 Rb5 24. hxg6+ hxg6 25. Ne2 Bg7 26. a4 Rb4 27. Rh4 d5 28. Rf4+ Kg8 29. exd5 Rxf4 30. Nxf4 exd5 31. Nxd5 Rd8 32. Rd2 Kf7 33. Nf4 Rxd2 34. Bxd2 Ne6 35. Nxe6 Kxe6 36. f4 Kf5 37. c3 e5 38. fxe5 Bxe5 39. c4 Bf4 40. Bxf4 Kxf4 41. c5 Ke4 42. b4 Kd4 43. Kb2 Kc4 44. Ka3 Kd5 45. Kb3 Kd4 46. a5 Kd5 47. Kc3 Kc6 48. Kc4 Kc7 49. b5 Kd7 50. bxa6 bxa6 51. Kd5 Kc7 52. Ke6 1-0

[Event "Heusenstamm Sparkassen op-B 7th"]
[Site "Heusenstamm"]
[Date "2021.11.21"]
[Round "7.19"]
[White "Huang, Luca Hanson"]
[Black "Bergner, Matthias"]
[Result "1/2-1/2"]
[WhiteElo "1429"]
[BlackElo "1632"]
[PlyCount "74"]
[EventDate "2021.11.18"]
[EventType "swiss"]
[EventRounds "7"]
[EventCountry "GER"]
[SourceTitle "EXT 2023"]
[Source "ChessBase"]
[SourceDate "2022.10.05"]
[SourceVersion "1"]
[SourceVersionDate "2022.10.05"]
[SourceQuality "1"]

1. e4 d5 2. exd5 g6 3. d4 Bg7 4. Nf3 Nf6 5. Bc4 a6 6. Nc3 b5 7. Be2 Bb7 8. Bf4 Nxd5 9. Nxd5 Bxd5 10. 0-0 0-0 11. b3 Bb7 12. c4 c5 13. Be5 Bxe5 14. Nxe5 bxc4 15. Bxc4 Qxd4 16. Qxd4 cxd4 17. Rad1 Nc6 18. Nxc6 Bxc6 19. Rxd4 Bb5 20. Re1 e6 21. Red1 Rfc8 22. Bd3 Bxd3 23. R4xd3 Rc2 24. R3d2 Rac8 25. Kf1 R8c6 26. Ke2 Kg7 27. Rxc2 Rxc2+ 28. Rd2 Rc5 29. Rd6 Rc2+ 30. Rd2 Rc5 31. f4 Kf6 32. b4 Rc4 33. a3 Rc3 34. Rd3 Rc2+ 35. Rd2 Rc3 36. Rd3 Rc2+ 37. Rd2 Rc3 1/2-1/2

[Event "GER-ch U10"]
[Site "Willingen"]
[Date "2020.10.31"]
[Round "7"]
[White "Huang, Luca Hanson"]
[Black "Conrad, Marius"]
[Result "1-0"]
[WhiteElo "1570"]
[BlackElo "1645"]
[PlyCount "59"]
[EventDate "2020.10.26"]
[EventType "swiss"]
[EventRounds "7"]
[EventCountry "GER"]
[SourceTitle "CBM 199 Extra"]
[Source "ChessBase"]
[SourceDate "2021.01.31"]
[SourceVersion "1"]
[SourceVersionDate "2021.01.31"]
[SourceQuality "1"]

1. d4 d5 2. Bf4 Nf6 3. e3 c5 4. c3 Nc6 5. Nd2 Bf5 6. Ngf3 Qb6 7. Qb3 c4 8. Qxb6 axb6 9. Be2 h6 10. 0-0 e6 11. b3 b5 12. bxc4 bxc4 13. Ne5 Nxe5 14. Bxe5 Be7 15. f3 b5 16. Bxf6 Bxf6 17. e4 Bg6 18. Rfe1 0-0 19. g3 Ra3 20. Nb1 Ra6 21. e5 Be7 22. f4 b4 23. cxb4 Bxb4 24. Rc1 Rc8 25. g4 Bxb1 26. Rcxb1 Bc3 27. Rc1 Bxa1 28. Rxa1 c3 29. Bxa6 Rc6 30. Bd3 1-0

[Event "GER-ch U10"]
[Site "Willingen"]
[Date "2019.06.14"]
[Round "9"]
[White "Barthel, Jacob"]
[Black "Huang, Luca Hanson"]
[Result "1-0"]
[WhiteElo "1150"]
[BlackElo "1261"]
[PlyCount "129"]
[EventDate "2019.06.08"]
[EventType "swiss"]
[EventRounds "11"]
[EventCountry "GER"]
[SourceTitle "CBM 191 Extra"]
[Source "ChessBase"]
[SourceDate "2019.09.30"]
[SourceVersion "1"]
[SourceVersionDate "2019.09.30"]
[SourceQuality "1"]

1. d4 Nf6 2. Nf3 g6 3. Bf4 Bg7 4. c4 d6 5. Nc3 Nbd7 6. h3 b6 7. Nd2 c5 8. d5 0-0 9. g4 e6 10. Bxd6 Re8 11. Nb5 Nb8 12. g5 Nh5 13. Nc7 Qxd6 14. Nxe8 Qd7 15. Nxg7 Nxg7 16. dxe6 Nxe6 17. Bg2 Bb7 18. Bxb7 Qxb7 19. Rf1 Nxg5 20. Qc2 Nxh3 21. 0-0-0 Nf4 22. Nf3 Nc6 23. Qe4 Ne6 24. e3 Rc8 25. Ne5 Qc7 26. Nxc6 Qxc6 27. Qxc6 Rxc6 28. Rd7 a6 29. Kd2 h5 30. Rg1 Kg7 31. Rd5 f6 32. Rxh5 Ng5 33. Rhxg5 fxg5 34. Rxg5 Rd6+ 35. Rd5 Rf6 36. f4 Kf7 37. Kd3 Ke7 38. a4 Ke6 39. a5 Ke7 40. axb6 Rxb6 41. Rxc5 Rxb2 42. Ra5 Rb6 43. c5 Rc6 44. Kd4 Re6 45. Kd5 Kd7 46. e4 Rf6 47. e5 Rc6 48. Ra1 Re6 49. Rh1 Re7 50. c6+ Kc7 51. Rh6 Rg7 52. Kc5 a5 53. Kb5 Rg8 54. Rh7+ Kc8 55. Kxa5 Rd8 56. Kb6 Re8 57. Rg7 Rf8 58. Rxg6 Kd8 59. c7+ Kc8 60. Kc6 Re8 61. Kd6 Kb7 62. e6 Kc8 63. e7 Rh8 64. Re6 Re8 65. Rf6 1-0

[Event "GER-ch U10"]
[Site "Willingen"]
[Date "2019.06.12"]
[Round "7"]
[White "Bock, Leonas"]
[Black "Huang, Luca Hanson"]
[Result "1-0"]
[WhiteElo "1363"]
[BlackElo "1261"]
[PlyCount "109"]
[EventDate "2019.06.08"]
[EventType "swiss"]
[EventRounds "11"]
[EventCountry "GER"]
[SourceTitle "CBM 191 Extra"]
[Source "ChessBase"]
[SourceDate "2019.09.30"]
[SourceVersion "1"]
[SourceVersionDate "2019.09.30"]
[SourceQuality "1"]

1. b3 e5 2. Bb2 Nc6 3. e3 d5 4. Bb5 f6 5. Nf3 Bd7 6. 0-0 e4 7. Nd4 Nxd4 8. Bxd7+ Qxd7 9. Bxd4 Bd6 10. Qe2 Ne7 11. d3 a6 12. Nd2 f5 13. f4 Rg8 14. Qh5+ g6 15. Qxh7 0-0-0 16. Qh4 Nc6 17. Bb2 Nb4 18. dxe4 dxe4 19. Rfc1 Be7 20. Qf2 Qxd2 21. Qxd2 Rxd2 22. Be5 Rxc2 23. Rxc2 Nxc2 24. Rc1 Nxe3 25. Rxc7+ Kd8 26. Rxb7 Bc5 27. Rb8+ Ke7 28. Rxg8 Kf7 29. Rg7+ Kf8 30. Rxg6 a5 31. Bd6+ Bxd6 32. Rxd6 Ke7 33. Ra6 Kd7 34. Rxa5 Ke6 35. Re5+ Kf6 36. a4 Nc2 37. a5 Nb4 38. Kf2 Nd3+ 39. Ke3 Nxe5 40. fxe5+ Kxe5 41. a6 f4+ 42. Ke2 Kd4 43. a7 f3+ 44. gxf3 exf3+ 45. Kxf3 Kc3 46. a8Q Kxb3 47. Qc6 Kb4 48. Ke3 Kb3 49. Kd3 Kb4 50. Qc4+ Ka5 51. Qb3 Ka6 52. Kc4 Ka7 53. Kc5 Ka8 54. Kc6 Ka7 55. Qb7# 1-0

[Event "GER-ch U10"]
[Site "Willingen"]
[Date "2019.06.10"]
[Round "3"]
[White "Huang, Luca Hanson"]
[Black "Scheerer, Julian"]
[Result "0-1"]
[WhiteElo "1261"]
[BlackElo "1395"]
[PlyCount "42"]
[EventDate "2019.06.08"]
[EventType "swiss"]
[EventRounds "11"]
[EventCountry "GER"]
[SourceTitle "CBM 191 Extra"]
[Source "ChessBase"]
[SourceDate "2019.09.30"]
[SourceVersion "1"]
[SourceVersionDate "2019.09.30"]
[SourceQuality "1"]

1. e4 e5 2. Nf3 Nc6 3. Bc4 Bc5 4. c3 Nf6 5. d4 exd4 6. cxd4 Bb4+ 7. Nc3 Nxe4 8. 0-0 Bxc3 9. bxc3 d5 10. Re1 0-0 11. Bd3 Re8 12. Qc2 Bf5 13. Ba3 Qf6 14. Rab1 b6 15. Nd2 Nxd2 16. Qxd2 h6 17. Rbc1 Na5 18. Re3 Rxe3 19. Qxe3 Bxd3 20. Qxd3 Nc4 21. Bb4 a5 0-1

[Event "Heusenstamm Sparkassen op U14 5th"]
[Site "Heusenstamm"]
[Date "2018.11.24"]
[Round "3"]
[White "Von Knorre, Christoph"]
[Black "Huang, Luca Hanson"]
[Result "0-1"]
[WhiteElo "970"]
[BlackElo "1141"]
[PlyCount "100"]
[EventDate "2018.11.23"]
[EventType "swiss"]
[EventRounds "7"]
[EventCountry "GER"]
[SourceTitle "CBM 188 Extra"]
[Source "ChessBase"]
[SourceDate "2019.02.26"]
[SourceVersion "1"]
[SourceVersionDate "2019.02.26"]
[SourceQuality "1"]

1. e4 e5 2. Nf3 Nc6 3. Bc4 Bc5 4. c3 Nf6 5. d4 exd4 6. 0-0 0-0 7. cxd4 Bb4 8. Bg5 d6 9. e5 dxe5 10. dxe5 Qxd1 11. Rxd1 Ne4 12. a3 Ba5 13. b4 Bb6 14. Rf1 Bg4 15. Nbd2 Nxg5 16. Nxg5 Nxe5 17. Rae1 Nxc4 18. Nxc4 Bd7 19. Re7 Bb5 20. Rc1 Rad8 21. Nxb6 cxb6 22. Rxb7 Rd7 23. Rxd7 Bxd7 24. Rc7 Re8 25. h3 Be6 26. Rxa7 h6 27. Nf3 Bd5 28. Nd2 Re2 29. Nf3 b5 30. Ra5 Bc4 31. Nd4 Re5 32. f4 Rd5 33. Nc6 Kf8 34. a4 Ke8 35. axb5 Bxb5 36. Na7 Rd1+ 37. Kh2 Bd7 38. b5 Rb1 39. Kg3 f5 40. Kh4 g6 41. Kg3 Rb3+ 42. Kh4 Kd8 43. Ra6 Be8 44. b6 Kd7 45. g4 Rb4 46. b7 Rxb7 47. gxf5 Kc7 48. fxg6 Rb6 49. Rxb6 Kxb6 50. g7 Bf7 0-1